[Event "VIII CAMPEONATO CONTINENTAL DE LAS AMERI"]
[Site "Hotel Casa Campestre - Cochaba"]
[Date "2013.05.10"]
[Round "5"]
[White "Quiroga, Duberlin"]
[Black "Avila, Carlos"]
[Result "0-1"]
[WhiteElo "2078"]
[BlackElo "1848"]
[PlyCount "108"]
[EventDate "2013.05.07"]
[EventRounds "11"]
[EventCountry "BOL"]

1. e4 c5 2. Nf3 Nc6 3. d4 cxd4 4. Nxd4 g6 5. Nc3 Bg7 6. Be3 Nf6 7. Qd2 O-O 8.
f3 d5 9. Nxd5 Nxd5 10. exd5 Qxd5 11. Nxc6 bxc6 12. Qxd5 cxd5 13. c3 e5 14. Rd1
Be6 15. Bc5 Rfc8 16. b4 a5 17. a3 axb4 18. axb4 Bf8 19. Bxf8 Kxf8 20. Rc1 d4
21. c4 Rab8 22. c5 Rxb4 23. Bd3 Bf5 24. Kd2 Rb2+ 25. Rc2 Rxc2+ 26. Kxc2 Rxc5+
27. Kd2 Bxd3 28. Kxd3 Ke7 29. Ra1 Ke6 30. Ra6+ Kd5 31. Ra7 Rc3+ 32. Kd2 Ke6 33.
Ra6+ Ke7 34. Ra5 Kf6 35. Ra6+ Kg7 36. Ra5 f6 37. Ra7+ Kh6 38. h4 f5 39. Re7 Re3
40. g4 Rxf3 41. g5+ Kh5 42. Rxh7+ Kg4 43. Rh6 e4 44. Rxg6 Kxh4 45. Rg8 Rf2+ 46.
Ke1 Rg2 47. g6 Rg4 48. g7 Kg3 49. Rf8 Rxg7 50. Rxf5 Rg4 51. Ke2 Rh4 52. Rg5+
Kf4 53. Rg8 Rh2+ 54. Ke1 Kf3 0-1

[Event "VIII CAMPEONATO CONTINENTAL DE LAS AMERI"]
[Site "Hotel Casa Campestre - Cochaba"]
[Date "2013.05.10"]
[Round "5"]
[White "Vidaurre, Luis"]
[Black "Estrada, Lucia"]
[Result "0-1"]
[WhiteElo "1836"]
[BlackElo "2034"]
[PlyCount "68"]
[EventDate "2013.05.07"]
[EventRounds "11"]
[EventCountry "BOL"]

1. d4 d5 2. Nf3 Nf6 3. g3 e6 4. Bg2 Bd6 5. O-O b6 6. Nbd2 Bb7 7. Re1 Nbd7 8. e4
Nxe4 9. Nxe4 dxe4 10. Ng5 Nf6 11. Nxe4 Nxe4 12. Bxe4 Bxe4 13. Rxe4 Qf6 14. h4
h6 15. d5 O-O 16. Be3 exd5 17. Qxd5 Rad8 18. Qh5 c5 19. Rg4 Kh7 20. c3 Qe6 21.
Re1 Qf6 22. Kg2 Rfe8 23. Qd5 Bxg3 24. Qb3 Rxe3 25. Qc2+ Red3 26. Rxg3 Qf5 27.
Ree3 c4 28. b3 b5 29. bxc4 bxc4 30. Qa4 Rxe3 31. Rxe3 Qg4+ 32. Rg3 Qe4+ 33. Kh3
h5 34. Qxa7 Qh1# 0-1

[Event "VIII CAMPEONATO CONTINENTAL DE LAS AMERI"]
[Site "Hotel Casa Campestre - Cochaba"]
[Date "2013.05.10"]
[Round "5"]
[White "Mollo, Jhoan"]
[Black "Aguilar, Pedro"]
[Result "0-1"]
[WhiteElo "1588"]
[BlackElo "1987"]
[PlyCount "86"]
[EventDate "2013.05.07"]
[EventRounds "11"]
[EventCountry "BOL"]

1. e4 g6 2. Nc3 Bg7 3. f4 d6 4. Nf3 Nd7 5. Bc4 e6 6. O-O Ne7 7. Ng5 Nb6 8. Bb3
h6 9. Nf3 O-O 10. Qe1 d5 11. e5 c5 12. a3 a6 13. Ne2 Nd7 14. c3 Qb6 15. Bc2 Nc6
16. d4 cxd4 17. Nexd4 Nxd4 18. Nxd4 Nb8 19. b4 Bd7 20. Be3 Qd8 21. g4 Nc6 22.
f5 exf5 23. gxf5 Nxe5 24. f6 Bxf6 25. Bxh6 Re8 26. Qg3 Bg7 27. Bxg7 Kxg7 28.
Nf5+ Bxf5 29. Bxf5 Qd6 30. Bg4 Rad8 31. Rf4 Nxg4 32. Qxg4 Qe6 33. Qf3 Qe3+ 34.
Kg2 Qxf3+ 35. Kxf3 Rh8 36. h4 Rc8 37. Rc1 b5 38. Rd4 Rh5 39. Rf4 Re5 40. Kg4
Re3 41. Rf3 Rc4+ 42. Kg3 Rxf3+ 43. Kxf3 Rxh4 0-1

[Event "VIII CAMPEONATO CONTINENTAL DE LAS AMERI"]
[Site "Hotel Casa Campestre - Cochaba"]
[Date "2013.05.10"]
[Round "5"]
[White "Molina, Jessica"]
[Black "Monroy, Osvaldo"]
[Result "0-1"]
[WhiteElo "1585"]
[BlackElo "1954"]
[PlyCount "94"]
[EventDate "2013.05.07"]
[EventRounds "11"]
[EventCountry "BOL"]

1. d4 g6 2. c4 Bg7 3. Nc3 Nf6 4. e4 d6 5. f4 O-O 6. Nf3 c6 7. Be3 Na6 8. Be2
Ng4 9. Qd2 Nxe3 10. Qxe3 Bg4 11. a3 Bxf3 12. Bxf3 Qb6 13. Na4 Qxd4 14. Qxd4
Bxd4 15. Rd1 e5 16. fxe5 Bxe5 17. O-O Nc7 18. c5 Rad8 19. cxd6 Ne6 20. b4 Bxd6
21. h3 Be5 22. Kh1 Rd4 23. Nc3 Rxd1 24. Nxd1 Rd8 25. Ne3 Nd4 26. Rd1 Ne6 27.
Rxd8+ Nxd8 28. Nc4 Bf4 29. a4 Kf8 30. Kg1 b5 31. axb5 cxb5 32. Na3 a6 33. Nc2
Nc6 34. Kf1 Bd2 35. Ke2 Bc3 36. Kd3 Bxb4 37. Nxb4 Nxb4+ 38. Kc3 Nc6 39. g4 Ke7
40. h4 Ke6 41. h5 Ke5 42. hxg6 fxg6 43. Kd3 a5 44. Bd1 a4 45. Be2 Nd4 46. Bd1
a3 47. Kc3 b4+ 0-1

[Event "VIII CAMPEONATO CONTINENTAL DE LAS AMERI"]
[Site "Hotel Casa Campestre - Cochaba"]
[Date "2013.05.10"]
[Round "5"]
[White "Arias, Juan Cruz"]
[Black "Ruiz, Samuel"]
[Result "1-0"]
[WhiteElo "1933"]
[BlackElo "1710"]
[PlyCount "67"]
[EventDate "2013.05.07"]
[EventRounds "11"]
[EventCountry "BOL"]

1. e4 c5 2. Nc3 d6 3. Bb5+ Bd7 4. Bxd7+ Nxd7 5. f4 g6 6. Nf3 Bg7 7. O-O e6 8.
d3 Ne7 9. Qe1 O-O 10. Bd2 Nc6 11. f5 Nd4 12. fxe6 Nxe6 13. Qg3 Qb6 14. Rab1 c4+
15. Kh1 cxd3 16. cxd3 Ne5 17. Nxe5 dxe5 18. Nd5 Qa6 19. Bb4 Rfd8 20. Be7 Rd7
21. Qh3 Qxa2 22. Bf6 Nf8 23. Qf3 Ne6 24. Bxg7 Kxg7 25. Qf6+ Kg8 26. Qxe5 Rdd8
27. Qf6 Ng7 28. Qxf7+ Kh8 29. Rbc1 Qxb2 30. Rc7 Rg8 31. Ne7 Rge8 32. Nd5 Rg8
33. Ne7 Rge8 34. Nc8 1-0

[Event "VIII CAMPEONATO CONTINENTAL DE LAS AMERI"]
[Site "Hotel Casa Campestre - Cochaba"]
[Date "2013.05.10"]
[Round "5"]
[White "Monroy, Nathaly"]
[Black "Zarate, Ezequiel"]
[Result "1/2-1/2"]
[WhiteElo "1791"]
[BlackElo "1745"]
[PlyCount "70"]
[EventDate "2013.05.07"]
[EventRounds "11"]
[EventCountry "BOL"]

1. d4 Nf6 2. Nf3 e6 3. c4 c5 4. d5 d6 5. Nc3 e5 6. e4 Be7 7. Be2 O-O 8. h3 Nbd7
9. Be3 Re8 10. Qd2 Qc7 11. g4 Nf8 12. g5 N6d7 13. h4 Nb6 14. b3 f5 15. gxf6
Bxf6 16. Bg5 Qf7 17. Bxf6 Qxf6 18. h5 Bg4 19. Nh4 Bxe2 20. Nxe2 Nfd7 21. O-O-O
Kf7 22. Nf5 Rf8 23. f4 Ke8 24. fxe5 Nxe5 25. Rhf1 Nexc4 26. bxc4 Qa1+ 27. Kc2
Qxa2+ 28. Kd3 Qxc4+ 29. Ke3 Qb3+ 30. Kf2 Kd7 31. Qg5 Rae8 32. Qf4 Re5 33. Qg4
Kc7 34. Qxg7+ Kb8 35. h6 Qc2 1/2-1/2

[Event "VIII CAMPEONATO CONTINENTAL DE LAS AMERI"]
[Site "Hotel Casa Campestre - Cochaba"]
[Date "2013.05.11"]
[Round "6"]
[White "Granda Zuniga, Julio E"]
[Black "Bruzon Batista, Lazaro"]
[Result "1/2-1/2"]
[WhiteElo "2659"]
[BlackElo "2707"]
[PlyCount "50"]
[EventDate "2013.05.07"]
[EventRounds "11"]
[EventCountry "BOL"]

1. d4 Nf6 2. c4 e6 3. Nc3 Bb4 4. e3 O-O 5. Bd3 d5 6. Nf3 c5 7. O-O dxc4 8. Bxc4
Nc6 9. a3 Ba5 10. Qd3 a6 11. Rd1 b5 12. Ba2 Bb6 13. dxc5 Qxd3 14. Rxd3 Bxc5 15.
Bd2 Bb7 16. Rc1 Be7 17. Be1 Rfd8 18. Bb1 Kf8 19. h3 g6 20. Ne4 Nd7 21. Bc3 h6
22. Nd4 Nxd4 23. Bxd4 Rac8 24. Rxc8 Bxc8 25. f4 Bb7 1/2-1/2

[Event "VIII CAMPEONATO CONTINENTAL DE LAS AMERI"]
[Site "Hotel Casa Campestre - Cochaba"]
[Date "2013.05.11"]
[Round "6"]
[White "Pacheco, Marco"]
[Black "Iturrizaga, Eduardo"]
[Result "0-1"]
[WhiteElo "2384"]
[BlackElo "2655"]
[PlyCount "42"]
[EventDate "2013.05.07"]
[EventRounds "11"]
[EventCountry "BOL"]

1. d4 Nf6 2. Nf3 e6 3. g3 b5 4. Bg2 Bb7 5. O-O c5 6. c3 Nc6 7. Bg5 d5 8. a4 b4
9. a5 Rc8 10. Qa4 Qd7 11. Nbd2 Ba6 12. Rfc1 bxc3 13. bxc3 Bxe2 14. c4 Ne4 15.
cxd5 exd5 16. Re1 Bxf3 17. Bxf3 Nxd4 18. Nxe4 Nxf3+ 19. Kh1 Qxa4 20. Nxc5+ Nxe1
21. Rxe1+ Qe4+ 0-1

[Event "VIII CAMPEONATO CONTINENTAL DE LAS AMERI"]
[Site "Hotel Casa Campestre - Cochaba"]
[Date "2013.05.11"]
[Round "6"]
[White "Sarkar, Justin"]
[Black "Ortiz Suarez, Isan Reynaldo"]
[Result "0-1"]
[WhiteElo "2437"]
[BlackElo "2598"]
[PlyCount "86"]
[EventDate "2013.05.07"]
[EventRounds "11"]
[EventCountry "BOL"]

1. d4 Nf6 2. c4 e6 3. Nc3 Bb4 4. e3 O-O 5. Nge2 Re8 6. a3 Bf8 7. Ng3 d5 8. Be2
b6 9. cxd5 exd5 10. b4 Bb7 11. O-O Nbd7 12. Qb3 c6 13. Bf3 a6 14. e4 dxe4 15.
Ngxe4 Nd5 16. Nxd5 cxd5 17. Nc3 Nf6 18. Bg5 h6 19. Bxf6 Qxf6 20. Bxd5 Bxd5 21.
Nxd5 Qd6 22. Rfd1 Re4 23. f3 Re6 24. Nc3 Re3 25. Qc4 Qg6 26. Nd5 b5 27. Qa2
Rxf3 28. Ne7+ Bxe7 29. Qd5 Rf1+ 30. Kxf1 Rd8 31. Qf3 Bf6 32. Rac1 Bxd4 33. Rc6
Qg5 34. Rxa6 Rd5 35. Ra8+ Kh7 36. g4 h5 37. Qxf7 Qxg4 38. Qg8+ Kh6 39. Ra6+ g6
40. Qf8+ Bg7 41. Rxg6+ Kxg6 42. Qe8+ Kh7 43. Rxd5 Qf3+ 0-1

[Event "VIII CAMPEONATO CONTINENTAL DE LAS AMERI"]
[Site "Hotel Casa Campestre - Cochaba"]
[Date "2013.05.11"]
[Round "6"]
[White "Prasca Sosa, Rafael"]
[Black "Flores, Diego"]
[Result "0-1"]
[WhiteElo "2426"]
[BlackElo "2586"]
[PlyCount "77"]
[EventDate "2013.05.07"]
[EventRounds "11"]
[EventCountry "BOL"]

1. e4 e5 2. Nf3 Nc6 3. Nc3 Nf6 4. Bb5 Bd6 5. a3 Nd4 6. Bc4 c6 7. d3 Bc7 8. Nxd4
exd4 9. Ne2 O-O 10. Bg5 d5 11. exd5 cxd5 12. Ba2 Re8 13. Bh4 a5 14. h3 Qe7 15.
Kf1 h6 16. Bg3 Bxg3 17. Nxg3 Ra6 18. Qd2 a4 19. Re1 Be6 20. Ne2 Rb6 21. c3 dxc3
22. Nxc3 Qd7 23. d4 Ne4 24. Nxe4 dxe4 25. Bxe6 Rbxe6 26. h4 Rd6 27. Rd1 Rd8 28.
Rh3 Qe6 29. Qb4 Qg4 30. Rd2 Rg6 31. Rg3 Qxh4 32. Rxg6 Qh1+ 33. Ke2 fxg6 34. Qe7
Qh5+ 35. Ke3 Qd5 36. Qxe4 Qf7 37. Qf4 Qb3+ 38. Ke2 Qb5+ 39. Kd1 0-1

[Event "VIII CAMPEONATO CONTINENTAL DE LAS AMERI"]
[Site "Hotel Casa Campestre - Cochaba"]
[Date "2013.05.11"]
[Round "6"]
[White "Cornejo, Max"]
[Black "Bachmann, Axel"]
[Result "0-1"]
[WhiteElo "2380"]
[BlackElo "2531"]
[PlyCount "75"]
[EventDate "2013.05.07"]
[EventRounds "11"]
[EventCountry "BOL"]

1. e4 e5 2. Nf3 Nc6 3. Nc3 g6 4. d4 exd4 5. Nxd4 Bg7 6. Nde2 Nf6 7. g3 O-O 8.
Bg2 Re8 9. O-O Rb8 10. Nf4 d6 11. h3 b5 12. Nfd5 b4 13. Nxf6+ Bxf6 14. Nd5 Bg7
15. a3 a5 16. axb4 axb4 17. Ra2 Be6 18. Be3 Ne5 19. b3 c5 20. Nf4 Nc6 21. Nxe6
Rxe6 22. Kh2 Nd4 23. Qd3 h5 24. f4 Re8 25. Ra6 Qe7 26. Qc4 h4 27. gxh4 Rbd8 28.
Bxd4 Bxd4 29. e5 Kg7 30. h5 gxh5 31. Rb6 dxe5 32. f5 Qg5 33. f6+ Kh8 34. Qxf7
Rg8 35. Qb7 e4 36. Qxe4 Qg3+ 37. Kh1 Be5 38. Qxe5 0-1

[Event "VIII CAMPEONATO CONTINENTAL DE LAS AMERI"]
[Site "Hotel Casa Campestre - Cochaba"]
[Date "2013.05.11"]
[Round "6"]
[White "Gonzalez, Bernal"]
[Black "Ruiz C, Joshua D"]
[Result "0-1"]
[WhiteElo "2461"]
[BlackElo "2370"]
[PlyCount "132"]
[EventDate "2013.05.07"]
[EventRounds "11"]
[EventCountry "BOL"]

1. d4 Nf6 2. c4 g6 3. Nc3 d5 4. e3 Bg7 5. Qb3 e6 6. Qa3 Bf8 7. Qa4+ c6 8. Nf3
Be7 9. Bd3 O-O 10. e4 dxe4 11. Nxe4 c5 12. Bh6 Re8 13. dxc5 Na6 14. Rd1 Bd7 15.
Nxf6+ Bxf6 16. Qa3 Qe7 17. b4 Bc6 18. Be2 e5 19. O-O Nc7 20. Qe3 Ne6 21. Nxe5
Nd4 22. Rxd4 Bxe5 23. b5 Qf6 24. Rg4 Bxh2+ 25. Kxh2 Rxe3 26. Bxe3 Bd7 27. Rd4
Be6 28. Bf3 Rc8 29. Rfd1 Rxc5 30. Rd8+ Kg7 31. Bxc5 Qf5 32. Kg1 Qxc5 33. Bd5
Bg4 34. Re1 Qb4 35. Rde8 Be6 36. Re3 Bxd5 37. cxd5 Qxb5 38. R8e5 Qb1+ 39. Re1
Qd3 40. R1e3 Qd1+ 41. Kh2 Kf6 42. f4 h6 43. g3 g5 44. Re1 Qd4 45. R1e4 Qf2+ 46.
Kh3 Qf1+ 47. Kh2 g4 48. Re3 Qf2+ 49. Kh1 Qxa2 50. Re2 Qb3 51. Rd2 Qa3 52. Kh2
Qd6 53. Re8 a5 54. Kg2 a4 55. Kf1 a3 56. Ra8 b5 57. Rc8 b4 58. Rc6 Ke7 59. Rxd6
Kxd6 60. Ra2 Kxd5 61. Ke2 Kc4 62. Kd2 Kb3 63. Rc2 a2 64. Rc1 Kb2 65. Rc2+ Ka3
66. Rc1 b3 0-1

[Event "VIII CAMPEONATO CONTINENTAL DE LAS AMERI"]
[Site "Hotel Casa Campestre - Cochaba"]
[Date "2013.05.11"]
[Round "6"]
[White "Cori, Jorge"]
[Black "Latorre, Matias"]
[Result "1/2-1/2"]
[WhiteElo "2546"]
[BlackElo "2254"]
[PlyCount "59"]
[EventDate "2013.05.07"]
[EventRounds "11"]
[EventCountry "BOL"]

1. d4 Nf6 2. c4 e6 3. Nf3 Bb4+ 4. Bd2 Qe7 5. e3 Bxd2+ 6. Nfxd2 e5 7. dxe5 Qxe5
8. Nc3 O-O 9. Be2 Na6 10. O-O c6 11. Nf3 Qe7 12. Qd4 d6 13. Rfd1 Rd8 14. Qh4
Nc7 15. Rd2 d5 16. Rad1 Be6 17. Ng5 Bf5 18. Nf3 dxc4 19. Rxd8+ Rxd8 20. Rxd8+
Qxd8 21. e4 Bg4 22. e5 Bxf3 23. gxf3 b5 24. exf6 Ne6 25. Ne4 Nd4 26. Kf1 Nxe2
27. Kxe2 Qd3+ 28. Ke1 Qb1+ 29. Ke2 Qd3+ 30. Ke1 1/2-1/2

[Event "VIII CAMPEONATO CONTINENTAL DE LAS AMERI"]
[Site "Hotel Casa Campestre - Cochaba"]
[Date "2013.05.11"]
[Round "6"]
[White "Zambrana, Oswaldo"]
[Black "Lopez, Diego"]
[Result "1-0"]
[WhiteElo "2478"]
[BlackElo "2171"]
[PlyCount "63"]
[EventDate "2013.05.07"]
[EventRounds "11"]
[EventCountry "BOL"]

1. e4 d6 2. Nf3 e5 3. d4 Nf6 4. dxe5 Nxe4 5. Qd5 Nc5 6. Bg5 Be7 7. exd6 Qxd6 8.
Nc3 c6 9. Qxd6 Bxd6 10. O-O-O Bc7 11. Be3 Nbd7 12. Nd2 O-O 13. Nc4 Ne6 14. Be2
Nf4 15. Bf3 Ng6 16. Nd6 Nde5 17. Be2 Bb6 18. Bxb6 axb6 19. Rhe1 b5 20. a3 Be6
21. g3 b4 22. axb4 Rfd8 23. Kb1 Ng4 24. f4 Ne3 25. Rd3 Ra1+ 26. Kxa1 Nxc2+ 27.
Kb1 Nxe1 28. Rd1 Ng2 29. Nxb7 Rb8 30. Rd8+ Rxd8 31. Nxd8 Bd5 32. b5 1-0

[Event "VIII CAMPEONATO CONTINENTAL DE LAS AMERI"]
[Site "Hotel Casa Campestre - Cochaba"]
[Date "2013.05.11"]
[Round "6"]
[White "Campero, Ronald"]
[Black "Leiva, Giuseppe"]
[Result "0-1"]
[WhiteElo "2211"]
[BlackElo "2388"]
[PlyCount "66"]
[EventDate "2013.05.07"]
[EventRounds "11"]
[EventCountry "BOL"]

1. e4 c5 2. Nf3 d6 3. d4 cxd4 4. Nxd4 Nf6 5. Nc3 a6 6. g3 e5 7. Nde2 Be7 8. Bg2
b5 9. h3 Bb7 10. O-O Nbd7 11. g4 b4 12. Nd5 Nxd5 13. exd5 Rc8 14. Bd2 Qb6 15.
c3 Nf6 16. Bg5 Bxd5 17. Bxd5 Nxd5 18. Qxd5 Bxg5 19. Rad1 Be7 20. Ng3 bxc3 21.
bxc3 Qc6 22. Qd3 g6 23. Ne4 O-O 24. g5 Rfd8 25. h4 d5 26. Ng3 e4 27. Qe2 Bd6
28. Rc1 Bf4 29. Qg4 Bxc1 30. Rxc1 f5 31. Qf4 Qc7 32. Qd2 d4 33. Qe2 Qf4 0-1

[Event "VIII CAMPEONATO CONTINENTAL DE LAS AMERI"]
[Site "Hotel Casa Campestre - Cochaba"]
[Date "2013.05.11"]
[Round "6"]
[White "Lenderman, Aleksandr"]
[Black "Martinez Alcantara, Jose Eduar"]
[Result "1-0"]
[WhiteElo "2585"]
[BlackElo "2208"]
[PlyCount "99"]
[EventDate "2013.05.07"]
[EventRounds "11"]
[EventCountry "BOL"]

1. d4 Nf6 2. c4 c5 3. d5 b5 4. cxb5 a6 5. bxa6 g6 6. Nc3 Bxa6 7. e4 Bxf1 8.
Kxf1 d6 9. g3 Bg7 10. Kg2 O-O 11. Nf3 Nbd7 12. a4 Nb6 13. Qe2 Ne8 14. Bg5 Bxc3
15. bxc3 Rxa4 16. Rxa4 Nxa4 17. Qb5 Nb6 18. Ra1 Nd7 19. Ra7 Nef6 20. Nd2 Kg7
21. Nc4 h6 22. Bf4 Re8 23. f3 Qb8 24. Qxb8 Rxb8 25. e5 dxe5 26. Nxe5 Rb2+ 27.
Kh3 g5 28. Nxd7 gxf4 29. Nxf6 Kxf6 30. Rc7 fxg3 31. hxg3 Rb5 32. c4 Ra5 33. Kg4
e6 34. dxe6 fxe6 35. f4 Kg6 36. Rc6 Kf7 37. f5 exf5+ 38. Kxf5 Ra3 39. g4 Rf3+
40. Ke4 Rf1 41. Rxc5 Kg6 42. Rc8 Kg7 43. Rd8 Re1+ 44. Kf5 Rf1+ 45. Ke5 Re1+ 46.
Kd6 Re4 47. c5 Rd4+ 48. Kc7 Rxg4 49. c6 Rc4 50. Kd6 1-0

[Event "VIII CAMPEONATO CONTINENTAL DE LAS AMERI"]
[Site "Hotel Casa Campestre - Cochaba"]
[Date "2013.05.11"]
[Round "6"]
[White "Aguilar, Andres"]
[Black "Vasquez Schroeder, Rodrigo"]
[Result "0-1"]
[WhiteElo "2233"]
[BlackElo "2554"]
[PlyCount "78"]
[EventDate "2013.05.07"]
[EventRounds "11"]
[EventCountry "BOL"]

1. e4 c5 2. Nf3 d6 3. d4 cxd4 4. Nxd4 Nf6 5. Nc3 a6 6. Bc4 e6 7. Bb3 b5 8. Bg5
Be7 9. Qf3 Qb6 10. O-O-O Nbd7 11. Rhe1 O-O 12. Qg3 Nc5 13. Nf5 exf5 14. Bh6
Nxb3+ 15. axb3 Nh5 16. Qf3 d5 17. Be3 Qg6 18. Nxd5 Bh4 19. Bc5 fxe4 20. Qxe4
Bg4 21. f3 Bg5+ 22. Kb1 Bf5 23. Qe2 Rfc8 24. b4 Nf4 25. Nxf4 Bxf4 26. g3 Bc7
27. g4 Be6 28. h4 h5 29. gxh5 Qxh5 30. Rg1 Bf4 31. Bd4 g6 32. Rg5 Bxg5 33. Qe5
Qh7 34. hxg5 Rd8 35. Re1 Rxd4 36. Qxd4 Qh2 37. Rxe6 fxe6 38. Qe4 Qg1+ 39. Ka2
Qa7 0-1

[Event "VIII CAMPEONATO CONTINENTAL DE LAS AMERI"]
[Site "Hotel Casa Campestre - Cochaba"]
[Date "2013.05.11"]
[Round "6"]
[White "Kropff, Ricardo"]
[Black "Cubas, Jose Fernando"]
[Result "0-1"]
[WhiteElo "2224"]
[BlackElo "2550"]
[PlyCount "134"]
[EventDate "2013.05.07"]
[EventRounds "11"]
[EventCountry "BOL"]

1. d4 d5 2. Nf3 Nf6 3. c4 c6 4. e3 Bg4 5. h3 Bxf3 6. Qxf3 e6 7. Nc3 Bb4 8. Bd3
Nbd7 9. Qd1 Qe7 10. Bd2 dxc4 11. Bxc4 e5 12. dxe5 Nxe5 13. Be2 O-O-O 14. Qc2
Rd7 15. O-O Rhd8 16. Rad1 Kb8 17. a3 Ba5 18. Bc1 Bxc3 19. Qxc3 Ne4 20. Qc2 f5
21. Rxd7 Rxd7 22. g3 Qc5 23. Qxc5 Nxc5 24. f4 Ned3 25. Rd1 Nxc1 26. Rxc1 Ne4
27. g4 Rd2 28. Bf3 Nf2 29. gxf5 Nxh3+ 30. Kh1 Nf2+ 31. Kg1 Rxb2 32. Rc5 Nd3 33.
Rc4 Rd2 34. Re4 Nc5 35. Re5 b6 36. Bxc6 Kc7 37. Bf3 a5 38. Re8 Rd8 39. Re7+ Rd7
40. Re5 Kd6 41. e4 Re7 42. Rd5+ Kc7 43. Rd4 Rd7 44. Rc4 Rd3 45. Kg2 Rxa3 46. e5
Rd3 47. Be4 Rd2+ 48. Kf3 a4 49. Ke3 Rb2 50. Bd5 Rb3+ 51. Ke2 Kd7 52. Rc1 Rg3
53. Rb1 a3 54. Kf2 Rd3 55. Bg8 a2 56. Bxa2 Rd2+ 57. Ke3 Rxa2 58. Rg1 Ra3+ 59.
Ke2 Kc6 60. Rxg7 Kd5 61. f6 Ne6 62. Rd7+ Ke4 63. f7 Ra8 64. Re7 Nxf4+ 65. Kf2
Rf8 66. e6 Ke5 67. Rb7 Nd5 0-1

[Event "VIII CAMPEONATO CONTINENTAL DE LAS AMERI"]
[Site "Hotel Casa Campestre - Cochaba"]
[Date "2013.05.11"]
[Round "6"]
[White "Lopez, Mario Iver"]
[Black "Hambleton, Aman"]
[Result "0-1"]
[WhiteElo "2197"]
[BlackElo "2468"]
[PlyCount "112"]
[EventDate "2013.05.07"]
[EventRounds "11"]
[EventCountry "BOL"]

1. e4 b6 2. d4 Bb7 3. Bd3 Nf6 4. Qe2 Nc6 5. c3 e5 6. d5 Ne7 7. Nd2 c6 8. c4 Ng6
9. g3 Bc5 10. Nb3 Bb4+ 11. Kf1 a5 12. a3 Be7 13. Nd2 a4 14. Nb1 Bc5 15. Nc3 Bd4
16. Bd2 d6 17. Qf3 Nd7 18. h4 h5 19. Rb1 Nc5 20. dxc6 Bc8 21. Qe2 Bxc3 22. Bxc3
Ne7 23. Nf3 Bg4 24. Qe3 f5 25. Ng5 O-O 26. Be2 fxe4 27. Bxg4 hxg4 28. Kg2 Qc8
29. Bb4 Nf5 30. Qd2 Qxc6 31. Bxc5 e3+ 32. Qd5+ Qxd5+ 33. cxd5 bxc5 34. Rhf1 Ra6
35. b4 axb3 36. Rxb3 e2 37. Re1 Nd4 38. Rb7 Rxa3 39. Ne6 Nf3 40. Rxg7+ Kh8 41.
Rxe2 Rb8 42. Rxg4 Rb1 43. Re3 Ne1+ 44. Rxe1 Rxe1 45. Ng5 Ra7 46. h5 Rb1 47. h6
Rb4 48. f4 exf4 49. Rxf4 Ra2+ 50. Kf3 Ra3+ 51. Kg4 Rxf4+ 52. Kxf4 Rd3 53. Nf7+
Kh7 54. Nxd6 Rxd5 55. Nf5 c4 56. Ne3 Rd2 0-1

[Event "VIII CAMPEONATO CONTINENTAL DE LAS AMERI"]
[Site "Hotel Casa Campestre - Cochaba"]
[Date "2013.05.11"]
[Round "6"]
[White "Cori T., Deysi"]
[Black "Cornejo P, Guillermo"]
[Result "1/2-1/2"]
[WhiteElo "2430"]
[BlackElo "2222"]
[PlyCount "54"]
[EventDate "2013.05.07"]
[EventRounds "11"]
[EventCountry "BOL"]

1. d4 Nf6 2. c4 g6 3. Nc3 Bg7 4. Bg5 d6 5. Nf3 h6 6. Bh4 g5 7. Bg3 Nh5 8. e3 e6
9. Nd2 Nxg3 10. hxg3 Nd7 11. Qc2 Qe7 12. O-O-O Nf6 13. Bd3 Bd7 14. Kb1 O-O-O
15. e4 Kb8 16. Nb3 Bc8 17. f3 Nd7 18. f4 c5 19. Be2 cxd4 20. Nxd4 Nc5 21. b4
Na6 22. a3 Nc7 23. Bf3 g4 24. Be2 e5 25. fxe5 Qxe5 26. Rd3 Rhe8 27. Rf1 Bh8
1/2-1/2

[Event "VIII CAMPEONATO CONTINENTAL DE LAS AMERI"]
[Site "Hotel Casa Campestre - Cochaba"]
[Date "2013.05.11"]
[Round "6"]
[White "Saavedra, Carlos"]
[Black "Perez Garcia, Rodney Oscar"]
[Result "0-1"]
[WhiteElo "2179"]
[BlackElo "2381"]
[PlyCount "60"]
[EventDate "2013.05.07"]
[EventRounds "11"]
[EventCountry "BOL"]

1. Nf3 d5 2. g3 Nf6 3. Bg2 e6 4. O-O Be7 5. c4 O-O 6. d4 dxc4 7. Qc2 a6 8. Qxc4
b5 9. Qc2 Bb7 10. Nbd2 Nbd7 11. Nb3 Be4 12. Qd1 c5 13. dxc5 Nxc5 14. Nxc5 Bxc5
15. Bf4 Qb6 16. Rc1 Rfd8 17. Qe1 Rac8 18. Ne5 Bd4 19. b3 Bxg2 20. Kxg2 g5 21.
e3 gxf4 22. exd4 Qxd4 23. Nf3 Qd6 24. Qe2 Rc5 25. Rxc5 Qxc5 26. gxf4 Qf5 27.
Kh1 Qxf4 28. Rg1+ Kf8 29. Rg3 Ne4 30. Rg1 Rd3 0-1

[Event "VIII CAMPEONATO CONTINENTAL DE LAS AMERI"]
[Site "Hotel Casa Campestre - Cochaba"]
[Date "2013.05.11"]
[Round "6"]
[White "Ynojosa, Felix Jose"]
[Black "Salazar, Carlos"]
[Result "1-0"]
[WhiteElo "2371"]
[BlackElo "2167"]
[PlyCount "95"]
[EventDate "2013.05.07"]
[EventRounds "11"]
[EventCountry "BOL"]

1. e4 e5 2. Nf3 Nc6 3. Bc4 Bc5 4. Nc3 Nf6 5. d3 h6 6. Be3 Bb6 7. h3 d6 8. d4
exd4 9. Nxd4 O-O 10. O-O Nxe4 11. Nxe4 d5 12. Nxc6 bxc6 13. Bd3 dxe4 14. Bxe4
Qf6 15. c3 Bf5 16. Bxf5 Qxf5 17. Re1 Rfe8 18. Qf3 Qxf3 19. gxf3 Re6 20. Kf1 Rf6
21. Ke2 Re8 22. Rad1 Re5 23. Rd8+ Kh7 24. Rd7 Ref5 25. f4 g5 26. fxg5 hxg5 27.
Rg1 Bxe3 28. fxe3 Rf2+ 29. Kd3 Rxb2 30. Rxg5 Rxa2 31. Rxc7 Rh2 32. Rg3 a5 33.
Ra7 Ra2 34. Rg5 a4 35. Rga5 Rd6+ 36. Kc4 Re6 37. Rxf7+ Kg6 38. Rf3 Ra1 39. Ra8
Re4+ 40. Kd3 Re6 41. Rf4 a3 42. e4 Kg5 43. Rg4+ Kf6 44. Kc4 a2 45. Kb3 c5 46.
Kc4 Ke5 47. Rgg8 Re1 48. Rxa2 1-0

[Event "VIII CAMPEONATO CONTINENTAL DE LAS AMERI"]
[Site "Hotel Casa Campestre - Cochaba"]
[Date "2013.05.11"]
[Round "6"]
[White "Cuellar, Diego"]
[Black "Mendoza, Rodrigo"]
[Result "1-0"]
[WhiteElo "2323"]
[BlackElo "2148"]
[PlyCount "88"]
[EventDate "2013.05.07"]
[EventRounds "11"]
[EventCountry "BOL"]

1. e4 c6 2. d4 d5 3. exd5 cxd5 4. c4 Nf6 5. Nc3 e6 6. Nf3 Be7 7. cxd5 Nxd5 8.
Bd3 Nc6 9. O-O O-O 10. Re1 g6 11. a3 Bf6 12. Bh6 Re8 13. Bc2 Nce7 14. Ne4 Bg7
15. Bxg7 Kxg7 16. Rc1 Nf5 17. Bb3 b6 18. Bxd5 exd5 19. Nc3 Rxe1+ 20. Qxe1 Be6
21. Qe5+ Qf6 22. Nb5 Qxe5 23. dxe5 Rc8 24. Rxc8 Bxc8 25. Nxa7 Bd7 26. Kf1 Kf8
27. Ke2 Ke7 28. Kd3 Kd8 29. b4 Kc7 30. b5 Kb7 31. Nc6 Bxc6 32. bxc6+ Kxc6 33.
Ng5 Nh4 34. g3 Nf5 35. Nxf7 Kb5 36. Nd6+ Nxd6 37. exd6 Kc6 38. Kd4 Kxd6 39. a4
h5 40. f4 Ke6 41. h3 Kd6 42. g4 Ke6 43. f5+ gxf5 44. gxf5+ Kxf5 1-0

[Event "VIII CAMPEONATO CONTINENTAL DE LAS AMERI"]
[Site "Hotel Casa Campestre - Cochaba"]
[Date "2013.05.11"]
[Round "6"]
[White "Principe, Alexander"]
[Black "Chumpitaz, Ann"]
[Result "1-0"]
[WhiteElo "2261"]
[BlackElo "2155"]
[PlyCount "99"]
[EventDate "2013.05.07"]
[EventRounds "11"]
[EventCountry "BOL"]

1. e4 e5 2. Nf3 Nc6 3. d4 exd4 4. Nxd4 Nf6 5. Nxc6 bxc6 6. e5 Qe7 7. Qe2 Nd5 8.
c4 Ba6 9. b3 g6 10. f4 Bg7 11. Qf2 Nb6 12. Ba3 d6 13. Nc3 O-O 14. O-O-O c5 15.
Bd3 Bb7 16. Rhe1 Rfe8 17. Ne4 Nd7 18. exd6 cxd6 19. Nxc5 Qf6 20. Rxe8+ Rxe8 21.
Nxb7 Qc3+ 22. Qc2 Qa1+ 23. Qb1 Qc3+ 24. Qc2 Qa1+ 25. Kd2 Qd4 26. Rf1 Nf6 27.
Nxd6 Re6 28. Nb5 Qe3+ 29. Kd1 Ng4 30. Bb4 Bf8 31. Bc3 Bd6 32. Qd2 Qb6 33. Bd4
Bc5 34. Bxc5 Qxc5 35. Kc1 a6 36. Nc3 Qd4 37. Bc2 Qf6 38. h3 Rd6 39. Bd3 Ne3 40.
Rf3 Nxg2 41. Kc2 Nh4 42. Rf1 Qd4 43. Nd5 Qc5 44. Be4 Re6 45. Re1 a5 46. Re3 a4
47. Qe1 Qd4 48. Qc3 axb3+ 49. axb3 Rxe4 50. Nf6+ 1-0